<?xml version="1.0" encoding="UTF-8"?>
<record
    xmlns:xsi="http://www.w3.org/2001/XMLSchema-instance"
    xsi:schemaLocation="http://www.loc.gov/MARC21/slim http://www.loc.gov/standards/marcxml/schema/MARC21slim.xsd"
    xmlns="http://www.loc.gov/MARC21/slim">

  <leader>01698nam a2200409 a 4500</leader>
  <controlfield tag="001">00381</controlfield>
  <controlfield tag="003">DO-SdBNP</controlfield>
  <controlfield tag="005">20180309105246.0</controlfield>
  <controlfield tag="007">00381</controlfield>
  <controlfield tag="008">091118s2012    dr 2012     000 0 spa d</controlfield>
  <datafield tag="020" ind1=" " ind2=" ">
    <subfield code="a">9789945117240 (v. 3)</subfield>
  </datafield>
  <datafield tag="020" ind1=" " ind2=" ">
    <subfield code="a">9789945116403 (v. 3) Gu&#xED;a</subfield>
  </datafield>
  <datafield tag="040" ind1=" " ind2=" ">
    <subfield code="a">BPMSU</subfield>
    <subfield code="b">spa</subfield>
    <subfield code="c">BPMSU</subfield>
  </datafield>
  <datafield tag="092" ind1=" " ind2=" ">
    <subfield code="a">372.83</subfield>
    <subfield code="b">C348s,  3ro.   2012 </subfield>
  </datafield>
  <datafield tag="100" ind1="1" ind2=" ">
    <subfield code="a">Ramos Santos, Henry</subfield>
  </datafield>
  <datafield tag="245" ind1="1" ind2="0">
    <subfield code="a">Sociedad  3 :</subfield>
    <subfield code="b">educaci&#xF3;n b&#xE1;sica /</subfield>
    <subfield code="c">Henry Ramos Santos ; direcci&#xF3;n editorial Obdulia Garc&#xED;a de Escobar ; editora Margarita Castro Catrain</subfield>
  </datafield>
  <datafield tag="260" ind1=" " ind2=" ">
    <subfield code="a">Santo Domingo :</subfield>
    <subfield code="b">Santillana,</subfield>
    <subfield code="c">2012.</subfield>
  </datafield>
  <datafield tag="300" ind1=" " ind2=" ">
    <subfield code="a">2 v. :</subfield>
    <subfield code="b">il., mapas., retrs. ;</subfield>
    <subfield code="c">28 cm.</subfield>
  </datafield>
  <datafield tag="490" ind1="1" ind2=" ">
    <subfield code="a">Innova</subfield>
  </datafield>
  <datafield tag="500" ind1=" " ind2=" ">
    <subfield code="a">La biblioteca posee el libro y la gu&#xED;a</subfield>
  </datafield>
  <datafield tag="505" ind1=" " ind2=" ">
    <subfield code="t">Nuestro pa&#xED;s --</subfield>
    <subfield code="t">El territorio donde vivo --</subfield>
    <subfield code="t">Unidad 1.</subfield>
    <subfield code="t">El campo --</subfield>
    <subfield code="t">Unidad 2.</subfield>
    <subfield code="t">Pueblos y ciudades --</subfield>
    <subfield code="t">Unidad 3.</subfield>
    <subfield code="t">La industria --</subfield>
    <subfield code="t">Unidad 4.</subfield>
    <subfield code="t">Los servicios --</subfield>
    <subfield code="t">Unidad 5.</subfield>
    <subfield code="t">Poblaci&#xF3;n y gobierno --</subfield>
    <subfield code="t">Unidad 6.</subfield>
    <subfield code="t">La vida democr&#xE1;tica.</subfield>
  </datafield>
  <datafield tag="650" ind1=" " ind2=" ">
    <subfield code="a">CIENCIAS SOCIALES</subfield>
    <subfield code="x">EDUCACI&#xD3;N PRIMARIA</subfield>
  </datafield>
  <datafield tag="650" ind1=" " ind2=" ">
    <subfield code="a">CIENCIAS SOCIALES</subfield>
    <subfield code="x">LIBROS DE TEXTOS</subfield>
  </datafield>
  <datafield tag="650" ind1=" " ind2="4">
    <subfield code="a">CIENCIAS SOCIALES</subfield>
    <subfield code="x">ESTUDIO Y EJERCICIOS</subfield>
  </datafield>
  <datafield tag="650" ind1=" " ind2=" ">
    <subfield code="a">EDUCACI&#xD3;N PRIMARIA</subfield>
    <subfield code="z">REP&#xDA;BLICA DOMINICANA</subfield>
  </datafield>
  <datafield tag="650" ind1=" " ind2="4">
    <subfield code="a">CIENCIAS SOCIALES</subfield>
    <subfield code="x">EDUCACI&#xD3;N B&#xC1;SICA</subfield>
  </datafield>
  <datafield tag="700" ind1="1" ind2="2">
    <subfield code="a">Garc&#xED;a de Escobar, Obdulia,</subfield>
    <subfield code="e">ed.</subfield>
  </datafield>
  <datafield tag="700" ind1="1" ind2="2">
    <subfield code="a">Castro Catrain, Margarita,</subfield>
    <subfield code="e">ed.</subfield>
  </datafield>
  <datafield tag="830" ind1=" " ind2="0">
    <subfield code="a">Innova</subfield>
  </datafield>
  <datafield tag="910" ind1=" " ind2=" ">
    <subfield code="a">Validado. Control de calidad MFF</subfield>
  </datafield>
  <datafield tag="930" ind1=" " ind2="1">
    <subfield code="l">BND01</subfield>
    <subfield code="m">LF1</subfield>
    <subfield code="8">20091130</subfield>
    <subfield code="f">04</subfield>
    <subfield code="p">OI</subfield>
    <subfield code="g">8658</subfield>
  </datafield>
  <datafield tag="942" ind1=" " ind2=" ">
    <subfield code="2">ddc</subfield>
    <subfield code="c">BK</subfield>
  </datafield>
  <datafield tag="945" ind1=" " ind2=" ">
    <subfield code="a">Remanejado para BNPHU / 2018 BT</subfield>
  </datafield>
  <datafield tag="952" ind1=" " ind2=" ">
    <subfield code="0">0</subfield>
    <subfield code="1">0</subfield>
    <subfield code="2">ddc</subfield>
    <subfield code="4">0</subfield>
    <subfield code="7">0</subfield>
    <subfield code="a">BPMET</subfield>
    <subfield code="b">BPMET</subfield>
    <subfield code="d">2016-05-16</subfield>
    <subfield code="e">Donaci&#xF3;n</subfield>
    <subfield code="l">0</subfield>
    <subfield code="o">372.83    C348s    3ro.   2012   v.1</subfield>
    <subfield code="p">BPMSU16050349</subfield>
    <subfield code="r">2016-05-16</subfield>
    <subfield code="w">2016-05-16</subfield>
    <subfield code="y">BK</subfield>
  </datafield>
  <datafield tag="952" ind1=" " ind2=" ">
    <subfield code="0">0</subfield>
    <subfield code="1">0</subfield>
    <subfield code="2">ddc</subfield>
    <subfield code="4">0</subfield>
    <subfield code="7">0</subfield>
    <subfield code="8">ESC</subfield>
    <subfield code="a">BPMET</subfield>
    <subfield code="b">BPMET</subfield>
    <subfield code="d">2016-05-16</subfield>
    <subfield code="e">Donaci&#xF3;n</subfield>
    <subfield code="l">0</subfield>
    <subfield code="o">372.83    C348s    3ro.   2012  v.1</subfield>
    <subfield code="p">BPMSU16050350</subfield>
    <subfield code="r">2016-05-16</subfield>
    <subfield code="t">ej. 2</subfield>
    <subfield code="w">2016-05-16</subfield>
    <subfield code="y">BK</subfield>
  </datafield>
  <datafield tag="952" ind1=" " ind2=" ">
    <subfield code="0">0</subfield>
    <subfield code="1">0</subfield>
    <subfield code="2">ddc</subfield>
    <subfield code="4">0</subfield>
    <subfield code="7">0</subfield>
    <subfield code="8">ESC</subfield>
    <subfield code="a">BPMET</subfield>
    <subfield code="b">BPMET</subfield>
    <subfield code="d">2016-05-16</subfield>
    <subfield code="e">Donaci&#xF3;n</subfield>
    <subfield code="l">0</subfield>
    <subfield code="o">372.83    C348s    3ro.   2012  Gu&#xED;a  v.2</subfield>
    <subfield code="p">BPMSU16050351</subfield>
    <subfield code="r">2016-05-16</subfield>
    <subfield code="w">2016-05-16</subfield>
    <subfield code="y">BK</subfield>
  </datafield>
  <datafield tag="952" ind1=" " ind2=" ">
    <subfield code="0">0</subfield>
    <subfield code="1">0</subfield>
    <subfield code="2">ddc</subfield>
    <subfield code="4">0</subfield>
    <subfield code="7">0</subfield>
    <subfield code="8">ESC</subfield>
    <subfield code="a">BPMET</subfield>
    <subfield code="b">BPMET</subfield>
    <subfield code="d">2016-05-17</subfield>
    <subfield code="e">Donaci&#xF3;n</subfield>
    <subfield code="l">0</subfield>
    <subfield code="o">372.83    C348s    3ro.   2012  Gu&#xED;a  v.2</subfield>
    <subfield code="p">BPMSU16050357</subfield>
    <subfield code="r">2016-05-17</subfield>
    <subfield code="t">ej. 2</subfield>
    <subfield code="w">2016-05-17</subfield>
    <subfield code="y">BK</subfield>
  </datafield>
  <datafield tag="956" ind1=" " ind2=" ">
    <subfield code="a">YLOCKWARD</subfield>
    <subfield code="b">10</subfield>
    <subfield code="c">20150617</subfield>
    <subfield code="l">BND01</subfield>
    <subfield code="h">1122</subfield>
  </datafield>
  <datafield tag="956" ind1=" " ind2=" ">
    <subfield code="a">VMATEO</subfield>
    <subfield code="b">10</subfield>
    <subfield code="c">20150617</subfield>
    <subfield code="l">BMET02</subfield>
    <subfield code="h">00151</subfield>
  </datafield>
  <datafield tag="956" ind1=" " ind2=" ">
    <subfield code="a">BTAV&#xC1;REZ</subfield>
    <subfield code="b">10</subfield>
    <subfield code="c">20160513</subfield>
    <subfield code="l">00381</subfield>
  </datafield>
  <datafield tag="999" ind1=" " ind2=" ">
    <subfield code="c">10133</subfield>
    <subfield code="d">10133</subfield>
  </datafield>
</record>
